Les villes les moins peuplées de France - Statistiques

Statistiques générales
  • Ce quiz a été pris 38 fois
  • Le résultat moyen est 2 sur 10
Statistiques - réponses
Nombre d'habitant(s) Ville % Correct
1 Rochefourchat
88%
3 Leménil-Mitry
18%
2 Majastres
12%
5 Ornes
12%
5 Baren
9%
4 Aulan
6%
6 Senconac
6%
6 Caubous
3%
7 Caunette-sur-Lauquet
3%
6 Érone
3%
Aucun quiz correspondant
Distribution des résultats
% des personnes avec chaque résultat
Percentile par nombre de réponses
Votre historique - résultats
Vous n’avez pas pris ce quiz